| 000 | 01081nam a22002297a 4500 | ||
|---|---|---|---|
| 005 | 20240530110551.0 | ||
| 008 | 160719s2012 ua f b 000 0 ara d | ||
| 017 |
_a2012/3489 _bمصر . دار الكتب المصرية |
||
| 020 | _a9789776298835 | ||
| 040 | _aEG-CaGPL | ||
| 082 | 0 | 4 |
_221 _a658.4095\ _bخ أ |
| 110 | 0 | _aخبراء المجموعة العربية للتدريب و النشر | |
| 245 | 1 | 0 |
_aادارة النزاعات و الصراعات فى العمل / _cاعداد خبراء المجموعة العربية للتدريب و النشر ؛ اشراف علمى محمود عبدالفتاح رضوان |
| 250 | _aط. 1 | ||
| 260 |
_aالقاهرة : _bالمجموعة العربية للتدريب و النشر ، _c2012 . |
||
| 300 |
_a128 ص. ؛ _c30 سم . |
||
| 490 | 0 | _aمهارات الموارد البشرية | |
| 504 | _aيشتمل على ارجاعات ببليوجرافية | ||
| 650 | 0 | 4 |
_aالنزاعات الادارية _xتنظيم و ادارة |
| 700 | 0 |
_aمحمود عبدالفتاح رضوان _eمشرف |
|
| 942 |
_2ddc _cBK |
||
| 999 |
_c62463 _d62463 |
||